000 01000caa a22002417a 4500
999 _c413497
_d413497
001 136984
003 UA-OsUOA
005 20200213105036.0
007 ta
008 20190417b un ||||| |||| 00| 0 ukr d
040 _aUA-OsUOA
_bukr
_cUA-OsUOA
_dUA-OsUOA
041 _aukr
080 _a908
090 _a908
_bВ54
100 _aВихованець В.
245 _aКнязі Сангушки "[З] роду Великого князя Литовського Ольгерда" Історико-генеалогічна розвідка
_cВ. Вихованець
300 _aС. 269–314
650 7 _a908 Краєзнавство
_2UDC
773 0 _0396924
_9415561
_dХмельницький Поліграфіст-2 2014
_o147762
_tСлавутчина та Правобережна Україна в історії України
_w(UA-OsUOA) 110826
_z978-966-1502-76-4
942 _cBKA
_2udc
955 _a1